|
|
|
|
| LEADER |
00000cam a2200000 7i4500 |
| 001 |
0000001881 |
| 005 |
20020314.0 |
| 090 |
0 |
0 |
|a 634.9285
|b LOW 1967
|
| 100 |
1 |
0 |
|a LOW
|h Beng Hock
|
| 245 |
1 |
0 |
|a Ulu Selangor district, Selangor
|c Low Beng Hock
|
| 260 |
0 |
0 |
|a Kuala Lumpur :
|b Forest Research Institute, Forest Department ,
|c 1967
|
| 300 |
|
|
|a 1v. (various pagings) :
|b maps (2 folded in pocket) ;
|c 33 cm.
|
| 500 |
0 |
0 |
|a Forest resources reconnaissance survey of Malaya report; no. 13
|
| 650 |
0 |
0 |
|a Forest surveys
|z Malaysia
|z Selangor
|
| 650 |
0 |
0 |
|a Forests and forestry
|x Mensuration
|
| 650 |
0 |
0 |
|a Surveys
|
| 998 |
|
|
|a JPSM
|
| 999 |
|
|
|a 0000002978
|b Monograph
|c Open Shelf
|e Default branch
|
| 999 |
|
|
|a 0000002979
|b Monograph
|c Open Shelf
|e Default branch
|